| 000 | 00000nam 2200000za 4500 |
| 001 | 9.805765 |
| 003 | CaOODSP |
| 005 | 20250827133317 |
| 007 | cr ||||||||||| |
| 008 | 150406s2015 onc o f000 0 eng d |
| 040 | |aCaOODSP|beng |
| 043 | |an-cn--- |
| 086 | 1 |aRv55-5/1-8-1-2015E-PDF |
| 245 | 00|aLicensing of customs brokers |h[electronic resource]. |
| 250 | |a[November 2, 2015 edition]. |
| 260 | |aOttawa : |bCanada Border Services Agency, |c2015. |
| 300 | |a9 p. |
| 490 | 1 |aCustoms D memoranda. D1, General, |x2369-2391 ; |vD1-8-1, November 2, 2015 |
| 500 | |aIssued also in French under title: Agrément des courtiers en douane. |
| 500 | |a“Ottawa, November 2, 2015.” |
| 504 | |aIncludes references. |
| 520 | |aSuperseded Memorandum D1-8-1 dated September 17, 2008. This memorandum details the procedures to be followed by an individual, partnership, or corporation applying for a customs broker licence and the conditions under which licensed customs brokers have to operate. |
| 692 | 07|2gccst|aCustoms and excise |
| 710 | 2 |aCanada Border Services Agency. |
| 775 | 08|tAgrément des courtiers en douane |w(CaOODSP)9.805768 |
| 794 | |tLicensing of customs brokers.|b[August 23, 2023 edition]|w(CaOODSP)9.937022 |
| 795 | |tLicensing of customs brokers |b[September 17, 2008 edition]|w(CaOODSP)9.564816 |
| 830 | #0|aCustoms D memoranda. D1, General,|x2369-2391 ; |vD1-8-1, November 2, 2015|w(CaOODSP)9.816825 |
| 856 | 40|qPDF|s91 KB|uhttps://publications.gc.ca/collections/collection_2015/asfc-cbsa/Rv55-5-1-8-1-2015-eng.pdf |